| 000 | 00731nam a2200193 a 4500 | ||
|---|---|---|---|
| 001 | 000014385 | ||
| 005 | 20200929163610.0 | ||
| 008 | 091211s2006 dr a 000 0 spa d | ||
| 040 |
_aDO-SdBNP _bspa _cBNPHU |
||
| 082 |
_a937.02 _bC843e |
||
| 100 | 1 |
_aCotes Guzmán, Miguel Antonio _d1950- _932491 |
|
| 245 | 1 | 0 |
_aEntre la balanza y el río : _brecopilación histórica de la Romana / _cMiguel Antonio Cotes Guzmán ; presentación Crisanta Moreta Mora. |
| 260 |
_aLa Romana : _bCañaveral, _c2006. |
||
| 300 |
_a190 p. : _bil. ; _c23 cm. |
||
| 500 | _aIncluye datos biográficos del autor en la solapa de la cubierta | ||
| 504 | _aIncluye referencias bibliográficas (p. 190) | ||
| 651 | 4 |
_aRomana _xHistoria _932492 |
|
| 049 | _aBNPD | ||
| 999 |
_c13976 _d13976 |
||